1384 1827 1179 1167 1531 1460 1757 1410 1861 1022 1317 1385 1465 1993 1408 1864 1700 1899 1857 1431 1910 1012 1016 1624 1014 1171 1927 1054 1398 1412 1773 1599 1966 1352 1563 1211 1675 1139 1647 1568 1409 1993 1295 1728 1093 1501 1415 1339 1597 1204 1475 1634 1639 1842 1537 1947 1149 1282 1986 1138 1149 1946 1740 1947 1976 1498 1567 1600 1906 1492 1852 1390 1377 1445 1683 1442 1223 1398 1672 1299 1496 1098 1930 1269 1140 1278 1199 1992 1341 1939 1019 1857 1768 1204 1599 1087 1301 1158 1885 BCNSPRNW ULIB Ver.6.0+V

เปลี่ยนเป็นภาษาไทย

Change to English
 แสดงรายละเอียดบรรณานุกรม
  กลับหน้าหลัก

Brief Record : Get Marc (ISO 2709) : E-mail record : QR code < ปิดหน้าต่าง
LEADER : 00000nam 2200000uu 4500
001    13399113539
003     ULIB
008    111124s2543||||th 000 0 tha d
020    ^a9748273393
060 04 ^aWA380^bส251ก 2543
245 00 ^aกรณี : การพัฒนาพฤติกรรมผู้บริโภคในชุมชน :^bกระบวนการดำเนินงานสุขศึกษาเพื่อพัฒนาพฤติกรรมสุขภาพ /^cสมทรง รักษ์ เผ่า สรงค์กฎณ์ ดวงคำสวัสดิ์
250    ^aพิมพ์ครั้งที่ 1
260    ^aโครงการสวัสดิการวิชาการ สถาบันพระบรมราชชนก,^c2545
650  7 ^aสุขศึกษา
710 2  ^aกระทรวงสาธารณสุข
945    ^p100^l0^i8051
945    ^p100^l0^i8049
945    ^p100^l0^i8047
995    ^aกัณชพร
999    ^aใช้งานได้ทุกระบบ
รายการนี้ยังไม่มีแท็ก
คุณยังไม่ได้ล็อกอิน คุณสามารถมีกิจกรรมร่วมกับเว็บไซต์ได้ แต่ต้องล็อกอินก่อน ::
  ล็อกอิน

รายการสื่อสารสนเทศ

ลำดับที่ ประเภท เลขเรียก/บาร์โค้ด สถานที่ สถานะ
- ไม่พบข้อมูล -

รายการใกล้เคียง
    หัวเรื่อง [สุขศึกษา]

BibComment


ยังไม่เคยถูกคอมเมนท์

คอมเมนท์ทรัพยากรรายการนี้
  คอมเมนท์: กรณี การพัฒนาพฤ..


 Copyright 2026. Bcnsprnw @Library